| 000 | 00880nam a2200217 a 4500 | ||
|---|---|---|---|
| 001 | 000019976 | ||
| 003 | AM-YEHGA | ||
| 005 | 20250618070816.0 | ||
| 008 | 980324s1982 ai |||||||||||||||||arm d | ||
| 040 | _aAM-YeHGA | ||
| 041 | 0 | _aarm | |
| 100 | 1 |
_aԲորյան, Գուրգեն Միքայելի, _d1915-1971 _92541 |
|
| 245 | 1 | 0 |
_aԵրկեր : _b[Բանաստեղծություններ, Պիեսներ] / _cԳ. Բորյան; Կազմ. և խմբ.` Էմմա Միրզաբեկյան-Բորյան ; Նկ.՝ Ֆ.Գ. Աֆրիկյան. |
| 260 |
_aԵրևան : _bՍովետական գրող, _c1982. |
||
| 300 |
_a374 էջ : _bնկ. ; _c22 սմ. |
||
| 650 | 1 | 4 | _aՀայ գրականություն |
| 700 | 1 |
_aՄիրզաբեկյան-Բորյան, Էմմա _eխմբ. _4edt _eկազմ. _4com |
|
| 700 | 1 |
_aԱֆրիկյան, Ֆրեդ Գուրգենի. _eնկ. _4art |
|
| 942 | _cBK | ||
| 090 | _c7104 | ||
| 999 |
_c7060 _d7060 |
||